| 000 | 00739nam a22002057a 4500 | ||
|---|---|---|---|
| 999 |
_c3709 _d3709 |
||
| 003 | AR-CdUCM | ||
| 008 | 190307b ||||| |||| 00| 0 spa d | ||
| 040 |
_aMUNICIPALIDAD PROVINCIAL DEL CUSCO _cBIBLIOTECA MUNICIPAL DEL CUSCO |
||
| 082 |
_a869.56 / _bP23 |
||
| 100 |
_aPantoja, Mario _96566 |
||
| 245 | _aLos actos semejantes / | ||
| 260 |
_aCusco : _bLa Campiña, _c1999. |
||
| 300 |
_a123 paginas ; _c16 cm. |
||
| 505 | _aCortazar la invención de un nuevo lenguaje -- La poesía integra de jano -- La estupenda narrativa del señor de cómala -- Los escritores son o bien maridos o bien amantes ... | ||
| 650 |
_aLiteratura peruana _9169 |
||
| 650 |
_aSiglo XX. _98 |
||
| 650 |
_aEnsayos _9375 |
||
| 942 |
_2ddc _cLIBROS |
||
| 945 | _aacv | ||